000 00778nam a2200253Ia 4500
003 OSt
005 20220928104325.0
006 a|||||r|||| 00| 0
007 ta
008 220927b |||||||| |||| 00| 0 eng d
020 _c3912.9095000000002
024 _a106238
037 _b672, 08/03/2010, Bharatiya Sahitya Bhavana
_cTextual
040 _aSDCL
_cSDCL
_beng
041 _2eng
_aeng
082 _aO-,1L88 :g, P8
100 _aPayne Geoff
_9410010
245 0 _aDark imagining
_b Ideology and darkness in the poetry of lord byron.
260 _aOxford
_bPeter Lang
_c2008
300 _a278p
_ccm.
650 _aEnglish
942 _hO-,1L88 :g, P8
_cTEXL
_2CC
999 _c725594
_d725594